000 00218 a2200097 4500
001 38416
100 _aChapman E.N
245 _aThe first time supervisor
260 _aG Br
_bKogan Page
_c1992
090 _c24402
_d24402
942 _aNUST-CAE
_cM
_c16006
999 _c273489
_d273489